TEXT BOOK OF MEDICAL PHYSIOLOGY (Record no. 8375)

MARC details
000 -LEADER
fixed length control field 00306nam a22001457a 4500
003 - CONTROL NUMBER IDENTIFIER
control field SGT
082 ## - DEWEY DECIMAL CLASSIFICATION NUMBER
Classification number 612
Item number T14G
100 ## - MAIN ENTRY--PERSONAL NAME
Personal name GEETHA, N
245 ## - TITLE STATEMENT
Title TEXT BOOK OF MEDICAL PHYSIOLOGY
250 ## - EDITION STATEMENT
Edition statement 3RD
260 ## - PUBLICATION, DISTRIBUTION, ETC. (IMPRINT)
Place of publication, distribution, etc DELHI
Name of publisher, distributor, etc PARAS MEDICAL
Year of Publication 2014
300 ## - PAGE DESCRIPTION
No. of Pages 793
650 ## - SUBJECT ADDED ENTRY--TOPICAL TERM
Topical term or geographic name as entry element PHYSIOLOGY
942 ## - ADDED ENTRY ELEMENTS (KOHA)
Source of classification or shelving scheme Dewey Decimal Classification
Koha item type Books
942 ## - ADDED ENTRY ELEMENTS (KOHA)
-- 1
Holdings
Withdrawn status Lost status Source of classification or shelving scheme Damaged status Not for loan Collection code Home library Current library Shelving location Date acquired Vendor Name Cost, normal purchase price SGTU Bill Number Total Checkouts Full call number Accession No. (Barcode) Date last seen Date last borrowed Bill Date Koha item type
    Dewey Decimal Classification     AYURVEDA SGT FA-FP Library SGT FA-FP Library Text Book 14/03/2016 AHUJA 1150.00 SGTU 6404 3 612 T14G FA3466 17/04/2018 05/04/2018 22/12/2015 Books
    Dewey Decimal Classification     AYURVEDA SGT FA-FP Library SGT FA-FP Library Text Book 14/03/2016 AHUJA 1150.00 SGTU 6404   612 T14G FA3467 14/03/2016   22/12/2015 Books
    Dewey Decimal Classification     AYURVEDA SGT FA-FP Library SGT FA-FP Library Text Book 14/03/2016 AHUJA 1150.00 SGTU 6404   612 T14G FA3468 25/09/2021   22/12/2015 Books
    Dewey Decimal Classification     AYURVEDA SGT FA-FP Library SGT FA-FP Library Text Book 14/03/2016 AHUJA 1150.00 SGTU 6404   612 T14G FA3469 14/03/2016   22/12/2015 Books
    Dewey Decimal Classification     AYURVEDA SGT FA-FP Library SGT FA-FP Library Text Book 14/03/2016 AHUJA 1150.00 SGTU 6404 2 612 T14G FA3470 12/03/2026 09/03/2026 22/12/2015 Books
    Dewey Decimal Classification     AYURVEDA SGT FA-FP Library SGT FA-FP Library Text Book 14/03/2016 AHUJA 1150.00 SGTU 6404 1 612 T14G FA3471 30/09/2022 14/09/2022 22/12/2015 Books
    Dewey Decimal Classification     AYURVEDA SGT FA-FP Library SGT FA-FP Library Text Book 14/03/2016 AHUJA 1150.00 SGTU 6404 2 612 T14G FA3472 30/05/2018 21/05/2018 22/12/2015 Books
    Dewey Decimal Classification     AYURVEDA SGT FA-FP Library SGT FA-FP Library Text Book 14/03/2016 AHUJA 1150.00 SGTU 6404 2 612 T14G FA3473 12/12/2017 27/11/2017 22/12/2015 Books
    Dewey Decimal Classification     AYURVEDA SGT FA-FP Library SGT FA-FP Library Text Book 14/03/2016 AHUJA 1150.00 SGTU 6404 4 612 T14G FA3474 24/04/2019 17/04/2019 22/12/2015 Books
    Dewey Decimal Classification     AYURVEDA SGT FA-FP Library SGT FA-FP Library Text Book 14/03/2016 AHUJA 1150.00 SGTU 6404 1 612 T14G FA3475 28/05/2018 28/05/2018 22/12/2015 Books